|
|
|
|
| LEADER |
00815nam a2200193Ia 4500 |
| 001 |
CTU_188497 |
| 008 |
210402s9999 xx 000 0 und d |
| 020 |
|
|
|c 275000
|
| 082 |
|
|
|a 972.91064
|
| 082 |
|
|
|b R987
|
| 100 |
|
|
|a Ruz, Fidel Castro
|
| 245 |
|
0 |
|a Từ Sierra Maestra đến Santiago de Cuba : Cuộc phản công có ý nghĩa chiến lược =
|
| 245 |
|
0 |
|b De la Sierra Maestra a Santiago de Cuba: La contraofensiva estratégica
|
| 245 |
|
0 |
|c Fidel Castro Cruz; Lê Xuân Quỳnh... [et al] dịch; Hiệu đính : Nguyễn Đình Bin
|
| 260 |
|
|
|a Tp. Hồ Chí Minh
|
| 260 |
|
|
|b Trẻ
|
| 260 |
|
|
|c 2013
|
| 650 |
|
|
|a La contraofensiva estratégica,Historical of Cuba,Cuộc phản công chiến lược
|
| 980 |
|
|
|a Trung tâm Học liệu Trường Đại học Cần Thơ
|